[Event "London Classic rapid op"]
[Site "London"]
[Date "2017.12.09"]
[Round "1.23"]
[White "Mandnikar, Atreya"]
[Black "Ociepka, Adrian"]
[Result "1-0"]
[WhiteElo "1715"]
[BlackElo "2111"]
[PlyCount "117"]
[EventDate "2017.12.09"]
[EventType "swiss (rapid)"]
[EventRounds "6"]
[EventCountry "ENG"]
[SourceTitle "CBM 182 Extra"]
[Source "ChessBase"]
[SourceDate "2018.02.23"]
[SourceVersion "1"]
[SourceVersionDate "2018.02.23"]
[SourceQuality "1"]

1. e4 c5 2. c3 Nf6 3. e5 Nd5 4. d4 cxd4 5. Nf3 Nc6 6. cxd4 d6 7. Bc4 Nb6 8. Bb3 d5 9. Nc3 Bg4 10. Be3 e6 11. 0-0 Be7 12. Rc1 0-0 13. h3 Bh5 14. Na4 Nxa4 15. Bxa4 Na5 16. Bb5 Qb6 17. Qe2 Rfc8 18. Rfd1 Qd8 19. Bd3 Bg6 20. Bxg6 hxg6 21. Nd2 Rxc1 22. Rxc1 Rc8 23. Qd1 Bb4 24. Nb3 Nc4 25. Qd3 Nxb2 26. Qb5 a5 27. Qxb7 Rb8 28. Qc7 Nc4 29. Qxd8+ Rxd8 30. Kf1 a4 31. Nc5 a3 32. Ke2 Nb2 33. Nd3 Rb8 34. Bd2 Bxd2 35. Kxd2 Nc4+ 36. Kc3 f6 37. exf6 gxf6 38. Nc5 Kf7 39. Nd3 Ke7 40. g4 g5 41. f4 Rh8 42. Rh1 Nd6 43. fxg5 Ne4+ 44. Kc2 Nxg5 45. Nf2 Rb8 46. Nd3 Nf3 47. Kc3 e5 48. dxe5 fxe5 49. Rf1 e4 50. Nb4 d4+ 51. Kc4 Nd2+ 52. Kxd4 Nxf1 53. Nc6+ Kd6 54. Nxb8 Kc7 55. Na6+ Kb6 56. Nb4 e3 57. Nd3 Kb5 58. g5 e2 59. g6 1-0

[Event "BCF-chT1b 1415 (4NCL)"]
[Site "England"]
[Date "2014.11.15"]
[Round "1.157"]
[White "Ociepka, Adrian"]
[Black "Flear, Glenn C"]
[Result "0-1"]
[WhiteElo "2124"]
[BlackElo "2462"]
[PlyCount "96"]
[EventDate "2014.11.15"]
[EventType "team-swiss"]
[EventRounds "11"]
[EventCountry "ENG"]
[SourceTitle "EXT 2015"]
[Source "ChessBase"]
[SourceDate "2014.11.20"]
[SourceVersion "1"]
[SourceVersionDate "2014.11.20"]
[SourceQuality "1"]
[WhiteTeam "Hackney"]
[BlackTeam "Guildford"]
[WhiteTeamCountry "ENG"]
[BlackTeamCountry "ENG"]

1. e4 e5 2. Nf3 Nc6 3. Bb5 a6 4. Ba4 Nf6 5. d3 d6 6. c3 g6 7. Nbd2 Bg7 8. Nf1 0-0 9. Bg5 b5 10. Bc2 d5 11. exd5 Qxd5 12. Ne3 Qd6 13. 0-0 Nh5 14. a4 Bb7 15. axb5 axb5 16. Rxa8 Rxa8 17. Nd2 h6 18. Bh4 Nf4 19. Ne4 Qf8 20. b4 Ra3 21. Bf6 Bxf6 22. Nxf6+ Kg7 23. Ne4 Nd8 24. d4 Bxe4 25. Bxe4 f5 26. Bd3 exd4 27. Bxb5 dxe3 28. Qd4+ Qf6 29. Qxf4 exf2+ 30. Rxf2 Rxc3 31. Rd2 Qb6+ 32. Qd4+ Qxd4+ 33. Rxd4 Nf7 34. h3 Nd6 35. Be2 Kf6 36. Bf3 Rc4 37. Rxc4 Nxc4 38. Bd5 Ne3 39. Bb3 f4 40. Kf2 Nf5 41. Bg8 g5 42. Kf3 Nd4+ 43. Ke4 Nc2 44. h4 Nxb4 45. hxg5+ hxg5 46. g3 fxg3 47. Kf3 Ke5 48. Kxg3 Nd5 0-1

[Event "London Classic op 5th"]
[Site "London"]
[Date "2013.12.13"]
[Round "7"]
[White "Woong, Zhi Wei William"]
[Black "Ociepka, Adrian"]
[Result "1-0"]
[WhiteElo "1837"]
[BlackElo "2157"]
[PlyCount "121"]
[EventDate "2013.12.07"]
[EventType "swiss"]
[EventRounds "9"]
[EventCountry "ENG"]
[SourceTitle "CBM 157 Extra"]
[Source "ChessBase"]
[SourceDate "2013.12.19"]
[SourceVersion "1"]
[SourceVersionDate "2013.12.19"]
[SourceQuality "1"]

1. e4 e5 2. Nf3 Nc6 3. Bb5 a6 4. Ba4 Nf6 5. 0-0 Be7 6. Re1 b5 7. Bb3 d6 8. c3 0-0 9. d4 Bg4 10. d5 Na5 11. Bc2 c6 12. dxc6 h6 13. h3 Be6 14. Nbd2 Re8 15. Nf1 Nc4 16. b3 Nb6 17. Ne3 Rc8 18. Nh2 Rxc6 19. Bb2 d5 20. Nhg4 Nxe4 21. Nxe5 Rc8 22. c4 Bf6 23. Nxd5 Bxd5 24. cxd5 Rxe5 25. Bxe5 Bxe5 26. Bxe4 Bxa1 27. Qxa1 Qg5 28. Qd4 Nd7 29. Qe3 Qh4 30. Bf5 Qd8 31. d6 Rb8 32. Qf3 Nf6 33. d7 g6 34. Be4 Nxe4 35. Qxe4 Qxd7 36. Qe7 Qxe7 37. Rxe7 Rb6 38. Ra7 Kg7 39. Kf1 Re6 40. f4 Rf6 41. Ke2 Rxf4 42. Rxa6 b4 43. Rb6 h5 44. g3 Re4+ 45. Kf3 f5 46. Rc6 g5 47. Rb6 h4 48. gxh4 Rxh4 49. Kg3 Rd4 50. Ra6 Kf7 51. Rb6 Rd3+ 52. Kg2 Rd2+ 53. Kg3 Rxa2 54. Rxb4 Ke6 55. h4 g4 56. Rb6+ Ke5 57. Rb5+ Ke4 58. Rb4+ Ke3 59. Rf4 Ra5 60. b4 Ra3 61. Rxf5 1-0

[Event "London Classic op 5th"]
[Site "London"]
[Date "2013.12.12"]
[Round "6"]
[White "Ociepka, Adrian"]
[Black "Wall, Gavin"]
[Result "0-1"]
[WhiteElo "2157"]
[BlackElo "2328"]
[PlyCount "62"]
[EventDate "2013.12.07"]
[EventType "swiss"]
[EventRounds "9"]
[EventCountry "ENG"]
[SourceTitle "CBM 157 Extra"]
[Source "ChessBase"]
[SourceDate "2013.12.19"]
[SourceVersion "1"]
[SourceVersionDate "2013.12.19"]
[SourceQuality "1"]

1. d4 f5 2. c4 Nf6 3. Nc3 e6 4. e3 b6 5. Bd3 Bb7 6. f3 Nh5 7. Nh3 Qh4+ 8. Nf2 Nc6 9. Bd2 f4 10. g3 fxg3 11. hxg3 Qxg3 12. Rxh5 Nb4 13. Nce4 Nxd3+ 14. Ke2 Nxf2 15. Nxg3 Nxd1 16. Rxd1 g6 17. Rh3 Bg7 18. Bc3 0-0 19. e4 Ba6 20. b3 d5 21. Ke3 dxc4 22. b4 c5 23. Ne2 cxd4+ 24. Nxd4 Rad8 25. Rdh1 e5 26. Ne6 Rd3+ 27. Ke2 Rxc3 28. Nxg7 Kxg7 29. Rxh7+ Kf6 30. Rxa7 Rc2+ 31. Ke3 Rd8 0-1

[Event "BCF-chT3 0910 (4NCL)"]
[Site "England"]
[Date "2010.03.28"]
[Round "8.2"]
[White "Sparkes, Daniel A"]
[Black "Ociepka, Adrian"]
[Result "1/2-1/2"]
[WhiteElo "2066"]
[BlackElo "2176"]
[PlyCount "138"]
[EventDate "2009.10.24"]
[EventType "team-tourn"]
[EventRounds "11"]
[EventCountry "ENG"]
[SourceTitle "EXT 2011"]
[Source "ChessBase"]
[SourceDate "2010.11.26"]
[SourceVersion "1"]
[SourceVersionDate "2010.11.26"]
[SourceQuality "1"]
[WhiteTeam "AMCA Rhinos"]
[BlackTeam "Hackney"]
[WhiteTeamCountry "ENG"]
[BlackTeamCountry "ENG"]

1. e4 c5 2. Nc3 Nc6 3. Bb5 Nd4 4. Bc4 g6 5. Nf3 Bg7 6. Nxd4 cxd4 7. Qf3 Nh6 8. Ne2 0-0 9. d3 Qa5+ 10. Bd2 Qb6 11. 0-0-0 d5 12. exd5 Bg4 13. Qe4 Rac8 14. f3 Bd7 15. g4 Bb5 16. Bxb5 Qxb5 17. Kb1 Qc5 18. Rc1 Rfd8 19. c4 dxc3 20. Bxc3 Qxd5 21. Bxg7 Rxc1+ 22. Nxc1 Kxg7 23. Qxd5 Rxd5 24. Re1 e6 25. Kc2 Ng8 26. Ne2 Ne7 27. Nc3 Rd7 28. Re4 Nc6 29. Ne2 g5 30. Kc3 Rd5 31. d4 Ne7 32. Kd3 Rd6 33. Re5 h6 34. Rb5 Rd7 35. Ke4 Nc6 36. a3 Kg6 37. Rc5 f5+ 38. Ke3 h5 39. h3 hxg4 40. hxg4 Kf6 41. gxf5 exf5 42. b4 a6 43. f4 g4 44. d5 Ne7 45. Nc3 Ng6 46. Rc4 Rh7 47. Ne2 Rh3+ 48. Kf2 Rf3+ 49. Kg1 Rxa3 50. d6 Rd3 51. Rc7 Rxd6 52. Rxb7 Ne7 53. b5 Nd5 54. Kf2 axb5 55. Rxb5 Nc7 56. Ra5 Ne6 57. Ke3 Rb6 58. Ra3 Rb4 59. Ra6 Rb3+ 60. Kf2 Rf3+ 61. Kg2 Kf7 62. Rxe6 Kxe6 63. Nd4+ Kd5 64. Nxf3 gxf3+ 65. Kxf3 Kd4 66. Kf2 Ke4 67. Ke2 Kxf4 68. Kf2 Ke4 69. Ke2 f4 1/2-1/2

[Event "Uxbridge op"]
[Site "Uxbridge"]
[Date "2010.03.20"]
[Round "3"]
[White "Quinn, Rory"]
[Black "Ociepka, Adrian"]
[Result "0-1"]
[WhiteElo "2036"]
[BlackElo "2176"]
[PlyCount "128"]
[EventDate "2010.03.19"]
[EventType "swiss"]
[EventRounds "5"]
[EventCountry "ENG"]
[SourceTitle "CBM 135 Extra"]
[Source "ChessBase"]
[SourceDate "2010.05.04"]
[SourceVersion "1"]
[SourceVersionDate "2010.05.04"]
[SourceQuality "1"]

1. e4 c5 2. Nf3 d6 3. Bb5+ Nc6 4. 0-0 Bd7 5. Re1 Nf6 6. c3 a6 7. Bxc6 Bxc6 8. d4 cxd4 9. cxd4 Bxe4 10. Bg5 Bxb1 11. Rxb1 d5 12. Bxf6 gxf6 13. Nh4 e6 14. Qh5 Qd7 15. Rbc1 Kd8 16. Re3 Rc8 17. Rec3 Rxc3 18. Rxc3 Bd6 19. Qh6 Be7 20. Qg7 Rf8 21. Qxh7 f5 22. Nf3 Qa4 23. g3 Qxa2 24. Qh6 Qxb2 25. Rc1 Bd6 26. Ne5 Qa3 27. Qd2 f6 28. Nd3 Rf7 29. Nf4 Bxf4 30. Qxf4 e5 31. dxe5 fxe5 32. Qg5+ Kd7 33. Qd2 Qd6 34. Qg5 Qa3 35. Qd2 Ke6 36. Rc8 f4 37. Re8+ Kf6 38. Qxd5 Qc1+ 39. Kg2 Qc6 40. Qxc6+ bxc6 41. Ra8 Ke6 42. gxf4 Rxf4 43. Rxa6 Kd5 44. Ra8 c5 45. Rc8 c4 46. Kg3 Kd4 47. h4 c3 48. h5 Rf5 49. h6 Rh5 50. Kf3 Rxh6 51. Ke2 Rh1 52. Rd8+ Kc4 53. Rc8+ Kd4 54. Rd8+ Kc4 55. Rc8+ Kb3 56. Rb8+ Kc2 57. Rc8 Rh4 58. Rc5 Re4+ 59. Kf3 Re1 60. Rc8 Kd2 61. Rd8+ Kc1 62. Rc8 c2 63. Rc5 Kb2 64. Rb5+ Kc3 0-1

[Event "Uxbridge op"]
[Site "Uxbridge"]
[Date "2009.09.20"]
[Round "5"]
[White "Yurenok, Maria S"]
[Black "Ociepka, Adrian"]
[Result "1/2-1/2"]
[WhiteElo "1981"]
[BlackElo "2127"]
[PlyCount "60"]
[EventDate "2009.09.18"]
[EventType "swiss"]
[EventRounds "5"]
[EventCountry "ENG"]
[SourceTitle "CBM 132 Extra"]
[Source "ChessBase"]
[SourceDate "2009.11.03"]
[SourceVersion "1"]
[SourceVersionDate "2009.11.03"]
[SourceQuality "1"]

1. d4 Nf6 2. Nf3 g6 3. Bg5 Bg7 4. Nbd2 c5 5. Bxf6 Bxf6 6. Ne4 Bxd4 7. Nxd4 cxd4 8. Qxd4 0-0 9. g3 Nc6 10. Qd2 Qc7 11. Bg2 Qe5 12. c3 d6 13. 0-0 Rb8 14. c4 Bg4 15. Rfe1 Rbc8 16. b3 b6 17. h3 Be6 18. Rad1 Rc7 19. Nc3 a6 20. Nd5 Bxd5 21. Qxd5 Qf6 22. Rd2 a5 23. Qb5 Nd4 24. Qxb6 Rc5 25. Red1 Ne6 26. Rd5 Rfc8 27. Rxc5 Rxc5 28. a4 Qb2 29. e3 Rf5 30. Rf1 Kg7 1/2-1/2

[Event "Uxbridge op"]
[Site "Uxbridge"]
[Date "2009.09.19"]
[Round "2"]
[White "Ociepka, Adrian"]
[Black "Yeo, Gareth"]
[Result "1-0"]
[WhiteElo "2127"]
[BlackElo "2059"]
[PlyCount "81"]
[EventDate "2009.09.18"]
[EventType "swiss"]
[EventRounds "5"]
[EventCountry "ENG"]
[SourceTitle "CBM 132 Extra"]
[Source "ChessBase"]
[SourceDate "2009.11.03"]
[SourceVersion "1"]
[SourceVersionDate "2009.11.03"]
[SourceQuality "1"]

1. e4 c5 2. Nf3 e6 3. d4 cxd4 4. Nxd4 Nc6 5. Nc3 a6 6. Nxc6 bxc6 7. Bd3 d5 8. 0-0 Nf6 9. Re1 Be7 10. e5 Nd7 11. Qg4 g6 12. Bh6 Rb8 13. Rab1 Rb4 14. Qe2 Nc5 15. Qd2 Nxd3 16. cxd3 Rg8 17. Bf4 g5 18. Bg3 h5 19. a3 Rb8 20. f4 h4 21. Bf2 g4 22. g3 h3 23. b4 a5 24. Ba7 Rb7 25. Bc5 axb4 26. axb4 Bxc5+ 27. bxc5 Qe7 28. d4 Kf8 29. Na4 Ra7 30. Nb6 Ba6 31. Ra1 Bb5 32. Nc8 Rxa1 33. Rxa1 Qd7 34. Nb6 Qe7 35. Qd1 Rg6 36. Ra8+ Kg7 37. Qa1 Kh7 38. Nc8 Qc7 39. Nd6 Rg7 40. Ne8 Qb7 41. Nf6+ 1-0

[Event "BCF-chT3 0809 (4NCL)"]
[Site "Hinckley Island"]
[Date "2009.05.03"]
[Round "10.2"]
[White "Ociepka, Adrian"]
[Black "Shaw, Peter"]
[Result "1-0"]
[WhiteElo "2119"]
[BlackElo "2126"]
[PlyCount "109"]
[EventDate "2008.10.18"]
[EventType "team-swiss"]
[EventRounds "11"]
[EventCountry "ENG"]
[SourceTitle "EXT 2010"]
[Source "ChessBase"]
[SourceDate "2010.11.25"]
[SourceVersion "1"]
[SourceVersionDate "2010.11.25"]
[SourceQuality "1"]
[WhiteTeam "Hilsmark Coventry"]
[BlackTeam "WRO II"]
[WhiteTeamCountry "ENG"]
[BlackTeamCountry "ENG"]

1. e4 e6 2. d4 d5 3. Nc3 Nf6 4. Bg5 Bb4 5. e5 h6 6. Bd2 Bxc3 7. bxc3 Ne4 8. Qg4 g6 9. Bd3 Nxd2 10. Kxd2 c5 11. h4 Nc6 12. Rh3 Bd7 13. Rf3 Qa5 14. Ne2 cxd4 15. Qf4 dxc3+ 16. Kd1 0-0-0 17. Nd4 Nxd4 18. Qxd4 Rhf8 19. Rb1 Kb8 20. Rb4 Rc8 21. a4 Qc5 22. Qxc5 Rxc5 23. Bxg6 a5 24. Rbf4 Rg8 25. Rxf7 Rxg6 26. Rxd7 Rxg2 27. Rf8+ Ka7 28. Rff7 Rg1+ 29. Ke2 Rb1 30. f4 Rc4 31. Rd6 Rd4 32. Rxe6 Rd2+ 33. Ke3 d4+ 34. Ke4 Re1+ 35. Kf5 d3 36. Ree7 Rb1 37. cxd3 c2 38. Rc7 c1Q 39. Rxc1 Rxc1 40. Rd7 Rcd1 41. e6 Re2 42. Kf6 Kb6 43. f5 Rf1 44. d4 Re4 45. h5 Kc6 46. d5+ Kc5 47. e7 Rfe1 48. Kf7 Rxa4 49. d6 Rae4 50. Rd8 a4 51. f6 a3 52. d7 a2 53. Ra8 a1Q 54. Rxa1 Rxa1 55. d8Q 1-0